000 00449nam a2200181Ia 4500
001 18145
005 20260306171609.0
008 260306s9999||||xx |||||||||||||| ||und||
041 _aESP
082 _a658.4012
_bH419
100 _aHax, Arnoldo C.
_eAUT
245 4 _aThe delta model:
_breinventing your business strategy
260 _c2010
300 _a235 páginas :
_c24 cm.
650 _aGEN
654 _aCAN
942 _cLIB
_dJUS
_fJUS
_2ddc
_n
999 _c18145
_d18145